00984nam a2200229 a 450000100100000000500170001000800410002704000250006808200210009310000270011424501400014126000340028130000350031550000740035050000570042450400320048165000490051365000210056265000380058370000510062171000820067200000800220200929154404.0090914s1990 dr ac 000 0 spa d aDO-SdBNPbspacBNPHU a338.17373bS211d1 aSánchez Roa, Adriano14aLos dueños del café :b30 años de economía cafetalera /cAdriano Sánchez Roa ; prólogo Marino Vinicio Castillo Rodríguez. aSanto Domingo :bIMOC,c1990. a237 p. :bil., retr. ;c24 cm. aIncluye referencias bibliográficas y notas al pie de las páginas. aIncluye datos biográficos del autor en las solapas aBibliografía : p. 229-232 4aIndustria del cafézRepública Dominicana 4aCaféxComercio 4aCafeteroszRepública Dominicana12aCastillo Rodríguez, Marino Vinicio,epról.2 aInstituto del Movimiento Obrero, Campesino y Popular (República Dominicana)